000 01672nam a2200409 i 4500
001 000038262
003 DO-SdBNP
005 20251027104343.0
007 ta
008 130405s2012 dr ad 001 0 spa d
020 _a9789945074727 v.1
020 _a9789945586374 v.3
020 _a9789945907285 v.4
040 _aDO-SdBNP
_bspa
_cBNPHU
_erda
041 _aspa
082 4 _a305.8960729
_bI12d
_222
100 _aIbarra Cuesta, Jorge,
_d1931-
_964630
_eautor
_4aut.
245 1 0 _aDe súbditos a ciudadanos (siglos XVII-XIX) :
_bel proceso de formación de las comunidades criollas del Caribe hispánico (Cuba, Puerto Rico y Santo Domingo) /
_cJorge Ibarra Cuesta.
246 3 _a De súbditos a ciudadanos (siglos 17-19)
246 3 _a De súbditos a ciudadanos (siglos diecisiete-diecinueve)
264 4 _aSanto Domingo :
_bArchivo General de la Nación,
_c©2012.
300 _avolúmenes :
_bilustraciones, tablas ;
_c24 cm.
336 _atexto
_btxt
_2rdacontent
337 _asin mediación
_bn
_2rdamedia
338 _avolumen
_bnc
_2rdacarrier
490 0 _aArchivo General de la Nación ;
_v182, 240, 313
500 _aLa biblioteca posee el v.I, v.3 y v.4
500 _aIncluye índice onomástico.
500 _aIncluye referencias bibliográficas y notas al pie de las páginas.
590 _aInventariado, 2018/DG
650 4 _aIdentidad nacional
_zCaribe (Región)
_xHistoria
_964631
650 4 _aCriollos
_zCaribe (Región)
_xHistoria
_987691
651 0 _aCaribe (Región)
_xHistoria
_987401
651 0 _aCaribe (Región)
_xCaracterísticas nacionales
_xHistoria
_987401
910 _aValidado. Control de calidad EMS.
942 _2ddc
_cLBS1
999 _c37752
_d37752